<?xml version="1.0" encoding="UTF-8"?>
<record
    xmlns:xsi="http://www.w3.org/2001/XMLSchema-instance"
    xsi:schemaLocation="http://www.loc.gov/MARC21/slim http://www.loc.gov/standards/marcxml/schema/MARC21slim.xsd"
    xmlns="http://www.loc.gov/MARC21/slim">

  <leader>00825nam a22002417a 4500</leader>
  <datafield tag="010" ind1=" " ind2=" ">
    <subfield code="a">A-159833</subfield>
  </datafield>
  <datafield tag="020" ind1=" " ind2=" ">
    <subfield code="c">211.00</subfield>
  </datafield>
  <datafield tag="035" ind1=" " ind2=" ">
    <subfield code="a">A-159833</subfield>
  </datafield>
  <datafield tag="037" ind1=" " ind2=" ">
    <subfield code="a">Cen Lib / Ret</subfield>
  </datafield>
  <datafield tag="040" ind1=" " ind2=" ">
    <subfield code="a">DPL</subfield>
    <subfield code="b">HN</subfield>
  </datafield>
  <datafield tag="082" ind1=" " ind2=" ">
    <subfield code="a">220.21</subfield>
    <subfield code="b">&#x935;&#x947;&#x926;&#x92F;</subfield>
  </datafield>
  <datafield tag="100" ind1=" " ind2=" ">
    <subfield code="a">&#x926;&#x92F;&#x93E;&#x928;&#x928;&#x94D;&#x926;&#x938;&#x930;&#x938;&#x94D;&#x935;&#x924;&#x940;</subfield>
  </datafield>
  <datafield tag="245" ind1=" " ind2=" ">
    <subfield code="a">&#x92F;&#x91C;&#x941;&#x930;&#x94D;&#x935;&#x947;&#x926;&#x92D;&#x93E;&#x937;&#x93E;&#x92D;&#x93E;&#x937;&#x94D;&#x92F; /</subfield>
    <subfield code="b">&#x926;&#x92F;&#x93E;&#x928;&#x928;&#x94D;&#x926;&#x938;&#x930;&#x938;&#x94D;&#x935;&#x924;&#x940;</subfield>
  </datafield>
  <datafield tag="246" ind1=" " ind2=" ">
    <subfield code="a">Yajurvedbhashabhasye/</subfield>
    <subfield code="b">by Dayananad Saraswati</subfield>
  </datafield>
  <datafield tag="260" ind1=" " ind2=" ">
    <subfield code="a">&#x905;&#x91C;&#x92E;&#x947;&#x930;</subfield>
    <subfield code="b">&#x935;&#x948;&#x926;&#x93F;&#x915; &#x92F;&#x928;&#x94D;&#x924;&#x94D;&#x930;&#x93E;&#x932;&#x92F;</subfield>
  </datafield>
  <datafield tag="270" ind1=" " ind2=" ">
    <subfield code="b">&#x905;&#x91C;&#x92E;&#x947;&#x930;</subfield>
    <subfield code="a">&#x935;&#x948;&#x926;&#x93F;&#x915; &#x92F;&#x928;&#x94D;&#x924;&#x94D;&#x930;&#x93E;&#x932;&#x92F;</subfield>
  </datafield>
  <datafield tag="300" ind1=" " ind2=" ">
    <subfield code="a">v 1. 420p.</subfield>
    <subfield code="b">22cm.</subfield>
  </datafield>
  <datafield tag="650" ind1=" " ind2=" ">
    <subfield code="a">&#x92F;&#x91C;&#x941;&#x930;&#x94D;&#x935;&#x947;&#x926;</subfield>
  </datafield>
  <datafield tag="650" ind1=" " ind2=" ">
    <subfield code="a">&#x935;&#x947;&#x926;</subfield>
  </datafield>
  <datafield tag="650" ind1=" " ind2=" ">
    <subfield code="a">Yajurveda</subfield>
  </datafield>
  <datafield tag="650" ind1=" " ind2=" ">
    <subfield code="a">Veda</subfield>
  </datafield>
  <datafield tag="942" ind1=" " ind2=" ">
    <subfield code="2">ddc</subfield>
    <subfield code="c">HN</subfield>
    <subfield code="h">220.21</subfield>
    <subfield code="m">&#x935;&#x947;&#x926;&#x92F;</subfield>
  </datafield>
  <datafield tag="999" ind1=" " ind2=" ">
    <subfield code="c">122329</subfield>
    <subfield code="d">122329</subfield>
  </datafield>
  <datafield tag="952" ind1=" " ind2=" ">
    <subfield code="0">0</subfield>
    <subfield code="1">0</subfield>
    <subfield code="3">v.1</subfield>
    <subfield code="4">0</subfield>
    <subfield code="7">1</subfield>
    <subfield code="8">REF</subfield>
    <subfield code="a">L</subfield>
    <subfield code="b">L</subfield>
    <subfield code="d">2016-03-14</subfield>
    <subfield code="e">Cen Lib/Ref</subfield>
    <subfield code="g">211.00</subfield>
    <subfield code="l">0</subfield>
    <subfield code="o">220.21 &#x935;&#x947;&#x926;&#x92F;</subfield>
    <subfield code="p">A-159833</subfield>
    <subfield code="r">2016-03-14 00:00:00</subfield>
    <subfield code="v">211.00</subfield>
    <subfield code="w">2016-03-14</subfield>
    <subfield code="y">HN</subfield>
  </datafield>
</record>
